000 00734nam a2200193 a 4500
003 0
005 20250410104915.0
008 071120s19uu xx 00 eng d
050 _aPHS RA 440.5
_b.A46 2007
100 _aAlmeda, Miguel Ramon Atonio J.
245 _aEffect of anti-smoking campaigns on the smoking habits of teenagers /
_cMiguel Ramon Antonio J. Almeda.
260 _aLas PiƱas City, Philippines :
_bSouthville International School and Colleges,
_c2007.
300 _a31 pages :
_billustrations ;
_c28 cm.
504 _aIncludes bibliographical references.
650 _aSmoking
_xPublic health aspects.
650 _aTeenagers
_xTobacco use
_vPrevention.
650 _aHealth education
_xTeenagers.
942 _2lcc
_cPASS
999 _c97791
_d97791